| Tag |
First Indicator |
Second Indicator |
Subfields |
| LEADER |
00000cam a2200000 4500 |
| 001 |
in00000258317 |
| 005 |
20260521142055.2 |
| 008 |
790201s1923 cauacfh 000 0 eng d |
| 010 |
|
|
|a 23011395
|
| 035 |
|
|
|a (OCoLC)04607125
|
| 035 |
|
|
|9 ABC1902AM
|
| 040 |
|
|
|a DLC
|c KSW
|d TXA
|d UtOrBLW
|
| 049 |
|
|
|a TXAS
|c [383683]
|
| 050 |
|
0 |
|a F594
|b .W57
|
| 100 |
1 |
|
|a Wheeler, Homer Webster,
|d 1848-
|
| 245 |
1 |
4 |
|a The frontier trail ;
|b or, From cowboy to colonel; an authentic narrative of forty-three years in the old West as cattleman, Indian fighter and army officer /
|c by Colonel Homer W. Wheeler...with an introduction by Major-General James G. Harbord.
|
| 264 |
|
1 |
|a Los Angeles :
|b Times-mirror press,
|c 1923.
|
| 300 |
|
|
|a 334 pages :
|b frontispiece, illustrations (facsimiles) plates, portraits ;
|c 24 cm.
|
| 336 |
|
|
|a text
|b txt
|2 rdacontent
|
| 337 |
|
|
|a unmediated
|b n
|2 rdamedia
|
| 338 |
|
|
|a volume
|b nc
|2 rdacarrier
|
| 541 |
|
|
|a Donated by the Blodgett family.
|
| 650 |
|
0 |
|a Frontier and pioneer life
|z West (U.S.)
|
| 650 |
|
0 |
|a Indians of North America
|z West (U.S.)
|
| 650 |
|
0 |
|a Indians of North America
|x Wars
|y 1866-1895.
|
| 999 |
|
|
|a MARS
|
| 999 |
f |
f |
|s 321cdbbf-3c8e-363b-a0e7-68711fa918a1
|i bb642355-fc15-34c3-8653-f0cc9fa84f66
|t 0
|
| 952 |
f |
f |
|p noncirc
|a Texas A&M University
|b College Station
|c Cushing Memorial Library & Archives
|s cush dyks
|d Cushing: Dykes (Does not check out)
|t 0
|e F594 .W57
|h Library of Congress classification
|i unmediated -- volume
|m A14851716267
|
| 952 |
f |
f |
|p normal
|a Texas A&M University
|b College Station
|c Sterling C. Evans Library
|s Evans stk
|d Evans: Library Stacks
|t 0
|e F594 .W57
|h Library of Congress classification
|i unmediated -- volume
|m A14852410399
|
| 998 |
f |
f |
|a F594 .W57
|t 0
|l Evans: Library Stacks
|
| 998 |
f |
f |
|a F594 .W57
|t 0
|l Cushing: Dykes (Does not check out)
|